Statistics for Guess the constructed language.

Click here to take the quiz!

General Stats

  • This quiz has been taken 20 times
  • The average score is 3 of 6

Answer Stats

HintAnswer% Correct
Nian panon ĉiutagan donu al ni hodiaŭ kaj pardonu al ni niajn ŝuldojn, kiel ankaŭ ni pardonas al niaj ŝuldantoj.Esperanto
94%
Da nos hodie nostre pan quotidian, e pardona a nos nostre debitas como etiam nos los pardona a nostre debitores.Interlingua
47%
noH QapmeH wo' Qaw'lu'chugh yay chavbe'lu', 'ej wo' choqmeH may' DoHlu'chugh lujbe'lu'.Klingon
47%
Ven lärnoy püki votik, vödastok plösenon fikulis. Mutoy ai dönu sukön vödis nesevädik, e seko nited paperon.Volapük
41%
Vosma hatif athezari yeri, vosm’anha vazhak yeraan jin zhilli. Vo shillo mahrazhes fin vastera adrasea.Dothraki
35%
Donez a ni cadie la omnadiala pano, e pardonez a ni nia ofensi, quale anke ni pardonas a nia ofensanti, e ne duktez ni aden la tento, ma liberigez ni del malajo.Ido
35%

Score Distribution

Percentile by Number Answered

Percent of People with Each Score

Your Score History

You have not taken this quiz